000 00663nam a2200205Ia 4500
005 20250508162316.0
008 008 250505s9999 xx 000 0 eng d
020 _a92-3-101556-7
037 _aBooks to be hide in OPAC
040 _aFEDL
_beng
_cFEDL
041 _aeng
_2eng
084 _a370.9469, UNE/O
_qFEDL
100 _aMelo Alberto
_9620008
245 0 _aExperiments in popular education in portugal 1974-1976
260 _aParis, France
_bUnited Nations Educational, Scientific and Cultural Organization
_c1978
300 _a45p.
700 _a Benavente Ana
_9772814
942 _cHB
_h370.9469, UNE/O
999 _c1375746
_d1375746